|
|
|
|
| LEADER |
01582nam a2200349 a 4500 |
| 001 |
8913 |
| 003 |
BD-DhAAL |
| 008 |
110722s2000 enk d 000 0 eng d |
| 010 |
|
|
|a 2005295355
|
| 020 |
|
|
|a 0194315355
|
| 020 |
|
|
|a 0194315363
|
| 020 |
|
|
|a 0194315975
|
| 020 |
|
|
|a 0194315967
|
| 040 |
|
|
|a BD-DhAAL
|c BD-DhAAL
|
| 082 |
0 |
0 |
|a 423.12
|2 22
|
| 100 |
1 |
|
|a Hornby,A S
|9 40424
|
| 245 |
0 |
0 |
|a Oxford advanced learner's dictionary of current English /
|c A S Hornby, edited by Sally Wehmeier, phonetics editor Michael Ashby.
|
| 250 |
|
|
|a Sixth edition
|
| 260 |
|
|
|a Oxford ;
|a New York :
|b Oxford University Press,
|c 2000.
|
| 300 |
|
|
|a xii, 1539 pages ;
|c 24 cm.
|
| 541 |
1 |
|
|e 8913
|
| 650 |
|
0 |
|a English language
|v Dictionaries.
|9 40425
|
| 650 |
|
0 |
|a English language
|x Synonyms and antonyms.
|9 40426
|
| 700 |
1 |
|
|a Wehmeier, Sally.
|9 40427
|
| 700 |
1 |
|
|a Ashby, Michael.
|9 40428
|
| 852 |
4 |
|
|a Ayesha Abed Library
|
| 942 |
|
|
|2 ddc
|c BK
|
| 999 |
|
|
|c 11160
|d 11160
|
| 952 |
|
|
|0 0
|1 0
|2 ddc
|4 0
|6 423_120000000000000_HOR
|7 0
|9 17710
|a BRACUL
|b BRACUL
|c REF
|d 2011-08-02
|l 1
|o 423.12 HOR
|p 3010008913
|r 2020-01-27
|s 2020-01-23
|t 1
|w 2011-08-02
|y BK
|x Available
|
| 952 |
|
|
|0 0
|1 0
|2 ddc
|4 0
|6 423_120000000000000_HOR
|7 0
|9 17821
|a BRACUL
|b BRACUL
|c REF
|d 2011-08-02
|l 0
|o 423.12 HOR
|p 3010008915
|r 2011-08-13
|t 2
|w 2011-08-13
|y BK
|
| 952 |
|
|
|0 0
|1 0
|2 ddc
|4 0
|6 423_120000000000000_HOR
|7 0
|9 17822
|a BRACUL
|b BRACUL
|c REF
|d 2011-08-02
|l 0
|o 423.12 HOR
|p 3010008916
|r 2011-08-13
|t 3
|w 2011-08-13
|y BK
|
| 952 |
|
|
|0 0
|1 0
|2 ddc
|4 0
|6 423_120000000000000_HOR
|7 0
|9 54576
|a SCL
|b SCL
|c REF
|d 2015-06-28
|l 0
|o 423.12 HOR
|p 3020004786
|r 2015-06-28
|t 4
|w 2015-06-28
|y BK
|